000 00816nam a22002657a 4500
001 BR8405170
003 BR-BrBNA
005 20230928092029.0
007 ta
008 230509b bl.||||| |||| 00| 0 por d
040 _aBR-BrBNA
_bpor
_cBiblioteca Nacional de Agricultura
041 _a(Por)
072 _aL51
_b8950
090 _ 8950 BR8405170
110 1 _aSindicato Nacional da Industria de Defensivos Animais, Sao Paulo, SP (Brasil)
_99543
111 1 _a1. Simposio sobre Nutricao Mineral
_cSao Paulo, SP (Brazil)
_d9-11 May 1984
245 1 _a1. Simposio sobre Nutricao Mineral
260 3 _aSao Paulo, SP (Brasil):
_c1984.
300 _a103 p.
650 _aNUTRICAO ANIMAL
650 _aSUPLEMENTO MINERAL
650 _aMETABOLISMO MINERAL
909 _a202309
_bLucia
_c55
_dLucia Elande
942 _cBK
999 _c36792
_d36792